000 00979cab a2200265 4500
001 ABS57928
008 090401t1997 xxu||||| |||| 00| 0 eng d
035 _a(Sirsi) u82012
041 _aeng
100 _aBennett, J.
245 _aPFI (1): the private finance initiative under Labour
260 _c1997
350 _a0
490 _aSolicitors` Journal
_v141(41) 31 October 1997, 1030-1031(2)
520 _aConsiders the state of PFI since the Labour government took office. Looks briefly at the history of PFI and how it works in Local Government. Exisitng guidance and regulations and new legislation, the Local Government (Contracts) Bill 1997, introduced by the government.
650 _aLABOUR GOVERNMENT
650 _aLOCAL GOVERNMENT (CONTRACTS) BILL
650 _aPFI
650 _aPRIVATE FINANCE INITIATIVE
690 _aPROPERTY-PROPERTY FINANCE AND INVESTMENT
700 _aHann, R.
700 _aCirell, S.
942 _n0
948 _c11/11/1997
999 _c51717
_d51717